000 01066nam a22003614a 4500
001 UByD003410
003 AR-LpoUNG
005 20241129140945.0
008 241129s2017 ag 000 0 spa d
040 _aAR-LpoUNG
_bspa
_cAR-LpoUNG
_eaacr
041 0 _aspa
082 0 _a982.063 292juv
100 1 _aBartolucci, Mónica Inés
245 0 3 _aLa juventud maravillosa :
_bla peronización y los orígenes de la violencia política 1958-1972
250 _a1ra. ed.
260 _aSáenz Peña (Buenos Aires) :
_bUniversidad Nacional de Tres de Febrero,
_c2017
300 _a274 p.
650 4 _aHISTORIA POLITICA
650 4 _aHISTORIA SOCIAL
650 4 _aHISTORIA NACIONAL
650 4 _aIDEOLOGIAS POLITICAS
650 4 _aPARTICIPACION POLITICA
650 4 _aMOVIMIENTO JUVENIL
650 4 _aPARTIDOS POLITICOS
650 4 _aCRISIS POLITICA
650 4 _aCONFLICTOS SOCIALES
650 4 _aVIOLENCIA POLITICA
650 4 _aTERRORISMO
650 4 _aHISTORIA ARGENTINA
650 4 _aPERONISMO
651 0 _aARGENTINA
942 _2ddc
_cLIB
999 _c66086
_d66086